00401nam a2200157Ia 4500003000400000005001700004008004100021020001800062050002500080245004800105260003500153300003400188440000600222521000700228526000800235OSt20140311163110.0140130s9999 xx 000 0 und d a9780545980258 aPZ 7b.St857Ki 2009  aThe kingdom of fantasy /cStilton, Geronimo bScholastic,c2009.aNew York : a314 p. :bcol. ill. ;c18 cm. v1 aG3 c500